000 00585nam a2200181Ia 4500
008 090123s9999 xx 000 0 und d
082 _b23792
100 _aजोशी वासुदेव
245 _aसोनेरी संध्याकाळ
250 _a1
260 _bपरिमल प्रकाशन
300 _a190
600 _aजोशी वासुदेव
630 _aसोनेरी संध्याकाळ
700 _aजोशी वासुदेव
730 _aसोनेरी संध्याकाळ
942 _cBOOK
999 _c61863
_d61863